00247nam a2200085Ia 4500008004100000041000800041100002300049245002900072260006000101230822s1999 xx 000 0 und d aeng aPROJ. BY DISHA PB. aPUNES LIVING ROOMS VOL-1 bDISHA PUBLISHERS C-11 ATHARVAVED KOTHRUD - PUNE c1999